Guess The App Logos! - Statistics

General Stats
  • This quiz has been taken 363 times
  • The average score is 13 of 16
Answer Stats
Picture Answer % Correct
Snapchat
99%
Spotify
98%
Facebook
97%
Amazon
96%
Gmail
96%
Google
96%
TikTok
96%
Instagram
95%
Safari
90%
WhatsApp
89%
Messenger
80%
Tinder
71%
Soundcloud
60%
iTunes
58%
Telegram
49%
Wish
45%
No matching quizzes found
Score Distribution
Percent of People with Each Score
Percentile by Number Answered
Your Score History
You have not taken this quiz